| 000 | 01127naa a22002777i 4500 | ||
|---|---|---|---|
| 001 | 232439 | ||
| 003 | ES-MaBCM | ||
| 005 | 20260226142730.0 | ||
| 008 | 260223s2024 sp ||||| ||||o00| 0 spa d | ||
| 040 | _cES-MaBCM | ||
| 100 | 1 |
_aOrozco Martínez, Carolina _9131180 |
|
| 245 | 0 | 0 |
_aVivienda e inmigración : _bel subarriendo y la vivienda compartida a través de los hogares sin núcleo = Housing and immigration : subletting and shared housing through no family households _cCarolina Orozco-Martínez, Jordi Bayona-i-Carrasco, Fernando Gil-Alonso |
| 500 | _aContiene gráficos | ||
| 500 | _aContiene tablas | ||
| 504 | _aIncluye referencias bibliográficas | ||
| 504 | _aIncluye bibliografía | ||
| 650 | 7 |
_aArrendamiento inmobiliario _957602 |
|
| 650 | 0 |
_aPersona desfavorecida _9130757 |
|
| 650 | 0 |
_aMigrante _9125799 |
|
| 650 | 7 |
_aSociología urbana _960317 |
|
| 651 | 0 |
_aBarcelona _9117207 |
|
| 700 | 1 |
_aBayona, Jordi _991501 |
|
| 700 | 1 |
_aGil Alonso, Fernando _984975 |
|
| 773 | 0 |
_dMadrid _gN. 221 (otoño 2024), 20 p. - Loc. En línea _tCiudad y territorio : estudios territoriales _w105070 |
|
| 942 |
_2udc _cAREV |
||
| 999 |
_c232439 _d232439 |
||